<?xml version="1.0" encoding="UTF-8"?>
<collection xmlns:xsi="http://www.w3.org/2001/XMLSchema-instance" xsi:schemaLocation="http://www.loc.gov/MARC21/slim http://www.loc.gov/standards/marcxml/schema/MARC21slim.xsd" xmlns="http://www.loc.gov/MARC21/slim">
 <record>
  <leader>00000nam a22000004a 4500</leader>
  <controlfield tag="001">UP-8027390931316381838</controlfield>
  <controlfield tag="003">Buklod</controlfield>
  <controlfield tag="005">20250924082139.0</controlfield>
  <controlfield tag="006">m    |o  d |      </controlfield>
  <controlfield tag="007">cr |||||||||||</controlfield>
  <controlfield tag="008">250910s2025    xx      r    |||| u|eng d</controlfield>
  <datafield tag="035" ind1=" " ind2=" ">
   <subfield code="a">(Buklod)UP-8027390931311633808</subfield>
  </datafield>
  <datafield tag="040" ind1=" " ind2=" ">
   <subfield code="a">DENGII</subfield>
   <subfield code="e">rda</subfield>
  </datafield>
  <datafield tag="041" ind1=" " ind2=" ">
   <subfield code="a">eng</subfield>
  </datafield>
  <datafield tag="090" ind1=" " ind2=" ">
   <subfield code="a">LG 993.5 2025 M55</subfield>
   <subfield code="b">B38</subfield>
  </datafield>
  <datafield tag="100" ind1="1" ind2=" ">
   <subfield code="a">Bautista, Ivy O.</subfield>
   <subfield code="e">author.</subfield>
  </datafield>
  <datafield tag="245" ind1="1" ind2="0">
   <subfield code="a">Analysis of airbon dust dispersion after blasting in Padcal Mine, Benguet through ANSYS simulation</subfield>
   <subfield code="c">thesis by Ivy O. Bautista, Angel Colleen I. Manalang, Hans Lorenzo A. Reyes; Francesca Valerie T. Cabanlig, Ken Bryan Fernandez, advisers.</subfield>
  </datafield>
  <datafield tag="264" ind1=" " ind2="1">
   <subfield code="a">Quezon City</subfield>
   <subfield code="b">College of Engineering, University of the Philippines Diliman</subfield>
   <subfield code="c">2025.</subfield>
  </datafield>
  <datafield tag="300" ind1=" " ind2=" ">
   <subfield code="a">65 leaves</subfield>
   <subfield code="b">illustrations</subfield>
   <subfield code="c">30 cm</subfield>
  </datafield>
  <datafield tag="336" ind1=" " ind2=" ">
   <subfield code="a">text</subfield>
   <subfield code="2">rdacontent</subfield>
  </datafield>
  <datafield tag="337" ind1=" " ind2=" ">
   <subfield code="a">unmediated</subfield>
   <subfield code="2">rdacontent</subfield>
  </datafield>
  <datafield tag="338" ind1=" " ind2=" ">
   <subfield code="a">volume</subfield>
   <subfield code="2">rdacarrier</subfield>
  </datafield>
  <datafield tag="502" ind1=" " ind2=" ">
   <subfield code="a">Thesis (B.S. Mining Engineering)--University of the Philippines, Diliman</subfield>
   <subfield code="d">9 June 2025.</subfield>
  </datafield>
  <datafield tag="506" ind1=" " ind2=" ">
   <subfield code="a">F - no patentable invention or creation, not for personal publication and no confidential information.</subfield>
  </datafield>
  <datafield tag="506" ind1=" " ind2=" ">
   <subfield code="a">Yes - available to the general public.</subfield>
  </datafield>
  <datafield tag="650" ind1=" " ind2="0">
   <subfield code="a">ANSYS Engineering Analysis System (Computer system)</subfield>
  </datafield>
  <datafield tag="653" ind1="0" ind2="0">
   <subfield code="a">Airborne dust.</subfield>
  </datafield>
  <datafield tag="653" ind1="0" ind2="0">
   <subfield code="a">Airflow velocity (AV).</subfield>
  </datafield>
  <datafield tag="653" ind1="0" ind2="0">
   <subfield code="a">Particle Size Distribution (PSD).</subfield>
  </datafield>
  <datafield tag="653" ind1="0" ind2="0">
   <subfield code="a">ANSYS SpaceClaim.</subfield>
  </datafield>
  <datafield tag="653" ind1="0" ind2="0">
   <subfield code="a">ANSYS Fluent 2024.</subfield>
  </datafield>
  <datafield tag="653" ind1="0" ind2="0">
   <subfield code="a">Dust dispersion.</subfield>
  </datafield>
  <datafield tag="653" ind1="0" ind2="0">
   <subfield code="a">Simulation.</subfield>
  </datafield>
  <datafield tag="653" ind1="0" ind2="0">
   <subfield code="a">Particle size distribution.</subfield>
  </datafield>
  <datafield tag="700" ind1="0" ind2=" ">
   <subfield code="a">Manalang, Angel Colleen I.</subfield>
   <subfield code="e">author.</subfield>
  </datafield>
  <datafield tag="700" ind1="1" ind2=" ">
   <subfield code="a">Reyes, Hans Lorenzo A.</subfield>
   <subfield code="e">author.</subfield>
  </datafield>
  <datafield tag="700" ind1="0" ind2=" ">
   <subfield code="a">Cabanlig, Francesca Valerie T.</subfield>
   <subfield code="e">adviser.</subfield>
  </datafield>
  <datafield tag="700" ind1="0" ind2=" ">
   <subfield code="a">Fernandez, Ken Bryan</subfield>
   <subfield code="e">adviser.</subfield>
  </datafield>
  <datafield tag="905" ind1=" " ind2=" ">
   <subfield code="a">UP</subfield>
  </datafield>
  <datafield tag="852" ind1="0" ind2=" ">
   <subfield code="a">UPD</subfield>
   <subfield code="b">DENG-II</subfield>
   <subfield code="h">LG 993.5 2025 M55</subfield>
   <subfield code="i">B38</subfield>
  </datafield>
  <datafield tag="856" ind1="4" ind2="0">
   <subfield code="y">Abstract</subfield>
   <subfield code="u">https://drive.google.com/file/d/1iikoiWrzUwYHOqWKJX3_4F6Zw8HHAk5p/view</subfield>
   <subfield code="q">application/pdf</subfield>
   <subfield code="s">62.37 Kb</subfield>
   <subfield code="z">Open Access</subfield>
   <subfield code="7">0</subfield>
  </datafield>
  <datafield tag="942" ind1=" " ind2=" ">
   <subfield code="a">Thesis</subfield>
  </datafield>
 </record>
</collection>
